| 000 | 00401nam a2200181Ia 4500 | ||
|---|---|---|---|
| 003 | IT-RoPAU | ||
| 008 | 120407s9999 xx 000 0 und d | ||
| 040 | _aIT-RoPAU | ||
| 040 | _cIT-RoPAU | ||
| 100 | _aKenneth E. Stevenson | ||
| 245 | _aLa vérité sur le Suaire de Turin | ||
| 250 | _aParis | ||
| 260 | _aFayard | ||
| 300 | _c cm | ||
| 490 | _v1 | ||
| 700 | _aGary R. Habermas | ||
| 942 | _cBK | ||
| 999 |
_c6136 _d6136 |
||